|
|
|
|
| LEADER |
00000cam a2200000 c 4500 |
| 001 |
274070375 |
| 003 |
DE-627 |
| 005 |
20260206202739.0 |
| 007 |
tu |
| 008 |
880204s1988 gw ||||| 00| ||ger c |
| 015 |
|
|
|a 87,N41,0043
|2 dnb
|
| 015 |
|
|
|a 88,A03,0175
|2 dnb
|
| 016 |
7 |
|
|a 871173999
|2 DE-101
|
| 020 |
|
|
|a 3621265058
|9 3-621-26505-8
|
| 035 |
|
|
|a (DE-627)274070375
|
| 035 |
|
|
|a (DE-603)009170405
|
| 035 |
|
|
|a (DE-576)013658239
|
| 035 |
|
|
|a (DE-599)GBV274070375
|
| 035 |
|
|
|a (OCoLC)310803581
|
| 035 |
|
|
|a (OCoLC)310803581
|
| 035 |
|
|
|a (DE-H357)his5115
|
| 040 |
|
|
|a DE-627
|b ger
|c DE-627
|e rakwb
|
| 041 |
|
|
|a ger
|
| 044 |
|
|
|c XA-DE
|
| 084 |
|
|
|a PSY 740
|2 sfb
|
| 084 |
|
|
|a 11
|2 sdnb
|
| 084 |
|
|
|a 1
|2 ssgn
|
| 084 |
|
|
|a CU 2000
|2 rvk
|0 (DE-625)rvk/19081:
|
| 084 |
|
|
|a CU 1000
|2 rvk
|0 (DE-625)rvk/19079:
|
| 084 |
|
|
|a CU 1000
|2 rvk
|0 (DE-625)rvk/19079:
|
| 084 |
|
|
|a CU 2000
|2 rvk
|0 (DE-625)rvk/19081:
|
| 084 |
|
|
|a ZX 7150
|2 rvk
|0 (DE-625)rvk/158453:14257
|
| 084 |
|
|
|a 77.14
|2 bkl
|
| 100 |
1 |
|
|a Eagle, Morris N.
|4 aut
|
| 240 |
1 |
0 |
|a Recent developments in psychoanalysis <dt.>
|
| 245 |
1 |
0 |
|a Neuere Entwicklungen in der Psychoanalyse
|b eine kritische Würdigung
|c Morris N. Eagle. Aus d. Amerikan. von Hilde Weller
|
| 264 |
|
1 |
|a München [u.a.]
|b Verl. Internat. Psychoanalyse
|c 1988
|
| 300 |
|
|
|a VIII, 289 S.
|
| 336 |
|
|
|a Text
|b txt
|2 rdacontent
|
| 337 |
|
|
|a ohne Hilfsmittel zu benutzen
|b n
|2 rdamedia
|
| 338 |
|
|
|a Band
|b nc
|2 rdacarrier
|
| 500 |
|
|
|a Literaturverz. S. 275 - 289
|
| 505 |
8 |
|
|a Literaturverz. S. 275 - 289
|
| 650 |
|
0 |
|a Psychoanalysis
|
| 650 |
|
4 |
|a Theorie, Psychoanalyse, Objektbeziehung, Entwicklung, Hut, Therapie
|
| 689 |
0 |
0 |
|d s
|0 (DE-588)4047689-3
|0 (DE-627)106193880
|0 (DE-576)209074361
|a Psychoanalyse
|2 gnd
|
| 689 |
0 |
1 |
|d s
|0 (DE-588)4059787-8
|0 (DE-627)106142275
|0 (DE-576)209132256
|a Theorie
|2 gnd
|
| 689 |
0 |
|
|5 DE-101
|
| 689 |
1 |
0 |
|d s
|0 (DE-588)4047689-3
|0 (DE-627)106193880
|0 (DE-576)209074361
|a Psychoanalyse
|2 gnd
|
| 689 |
1 |
1 |
|d s
|0 (DE-588)4059787-8
|0 (DE-627)106142275
|0 (DE-576)209132256
|a Theorie
|2 gnd
|
| 689 |
1 |
|
|5 (DE-627)
|
| 700 |
1 |
2 |
|a Eagle, Morris N.
|t Recent developments in psychoanalysis <dt.>
|
| 856 |
4 |
2 |
|u http://d-nb.info/871173999/04
|m B:DE-101
|q application/pdf
|3 Inhaltsverzeichnis
|7 1
|
| 856 |
4 |
2 |
|u http://scans.hebis.de/HEBCGI/show.pl?00917040_toc.pdf
|m V:DE-603;B:DE-17
|q application/pdf
|3 Inhaltsverzeichnis
|7 1
|
| 889 |
|
|
|w (DE-627)026654636
|
| 935 |
|
|
|a mteo
|
| 935 |
|
|
|i mdedup
|
| 935 |
|
|
|i Blocktest
|
| 935 |
|
|
|h HEB
|i 0501
|
| 935 |
|
|
|h HEB
|i 0503
|
| 936 |
r |
v |
|a CU 2000
|b Tiefenpsychologie und Psychoanalyse, Allgemeines
|k Psychologie
|k Klinische Psychologie
|k Tiefenpsychologie und Psychoanalyse
|k Tiefenpsychologie und Psychoanalyse, Allgemeines
|0 (DE-627)1270857193
|0 (DE-625)rvk/19081:
|0 (DE-576)200857193
|
| 936 |
r |
v |
|a CU 1000
|b Einführung, Grundfragen, Lehrbücher, Kompendien
|k Psychologie
|k Klinische Psychologie
|k Einführung, Grundfragen, Lehrbücher, Kompendien
|0 (DE-627)1271488132
|0 (DE-625)rvk/19079:
|0 (DE-576)201488132
|
| 936 |
r |
v |
|a CU 1000
|b Einführung, Grundfragen, Lehrbücher, Kompendien
|k Psychologie
|k Klinische Psychologie
|k Einführung, Grundfragen, Lehrbücher, Kompendien
|0 (DE-627)1271488132
|0 (DE-625)rvk/19079:
|0 (DE-576)201488132
|
| 936 |
r |
v |
|a CU 2000
|b Tiefenpsychologie und Psychoanalyse, Allgemeines
|k Psychologie
|k Klinische Psychologie
|k Tiefenpsychologie und Psychoanalyse
|k Tiefenpsychologie und Psychoanalyse, Allgemeines
|0 (DE-627)1270857193
|0 (DE-625)rvk/19081:
|0 (DE-576)200857193
|
| 936 |
r |
v |
|a ZX 7150
|b Allgemeines; Einführungen
|k Sport
|k Sportwissenschaft
|k Sportpsychologie
|k Allgemeines
|k Allgemeines; Einführungen
|0 (DE-627)1396532617
|0 (DE-625)rvk/158453:14257
|0 (DE-576)326532617
|
| 936 |
b |
k |
|a 77.14
|j Psychoanalyse
|0 (DE-627)106412302
|
| 936 |
s |
n |
|a c200
|2 mzub
|
| 936 |
s |
n |
|a z300
|2 mzub
|
| 951 |
|
|
|a BO
|
| ELC |
|
|
|b 1
|
| LOK |
|
|
|0 000 xxxxxcx a22 zn 4500
|
| LOK |
|
|
|0 001 3282727356
|
| LOK |
|
|
|0 003 DE-627
|
| LOK |
|
|
|0 004 274070375
|
| LOK |
|
|
|0 005 20140306110759
|
| LOK |
|
|
|0 008 131017||||||||||||||||ger|||||||
|
| LOK |
|
|
|0 040
|a DE-21-110
|c DE-627
|d DE-21-110
|
| LOK |
|
|
|0 689
|a s
|a Psychoanalyse
|
| LOK |
|
|
|0 689
|a s
|a Narzissmus
|
| LOK |
|
|
|0 852
|z Kein Bestand am IfK; Nachweis für KrimDok
|
| LOK |
|
|
|0 852
|a DE-21-110
|
| LOK |
|
|
|0 852 1
|m v
|9 00
|
| LOK |
|
|
|0 935
|a k110
|
| LOK |
|
|
|0 938
|k v
|
| LOK |
|
|
|0 939
|a 17-10-13
|b l01
|
| ORI |
|
|
|a SA-MARC-krimdoka001.raw
|